[Event "41. Olympiad Open 2014"]
[Site "?"]
[Date "2014.08.02"]
[Round "1"]
[White "Al Badani, Abdu"]
[Black "Hammer, Jon Ludvig"]
[Result "1/2-1/2"]
[WhiteElo "2180"]
[BlackElo "2628"]
[EventDate "2014.08.02"]

{http://chesspro.ru/details/olympiad_1} 
1. e4 c6 2. Nc3 d5 3. Nf3 Bg4 4. h3 Bxf3 5. Qxf3 e6 6. d4 Nf6 7. exd5 cxd5
8. Bf4 Nc6 9. O-O-O Rc8 10. g4 Bd6 11. Bxd6 Qxd6 12. g5 Nd7 13. Nb5 Qe7 
14. Qg3 O-O 15. Nd6 Rcd8 16. h4 a6 17. Nxb7 Rb8 18. Qd6 Qxd6 19. Nxd6 Rb6 
20. c4 Nb4 21. a3 Na2+ 22. Kc2 Rfb8 23. b4 Rxd6 24. c5 Rc6 25. Kb3 Nxb4 
26. axb4 e5 27. Bh3 Nf8 28. Kc3 exd4+? ( {Spravne} 28. ... Ne6 {bez vymeny
} ) 29. Kxd4 Ne6+?! ( 29. ... Rd8 ) 30. Kxd5 Rcc8 31. Kc4? ( 31. Bxe6 
fxe6+ 32. Kc4 {a volny pesec na sloupci c zajistuje bily velkou prevahu ve
vezove koncovce} ) 31. ... a5! 32. Bxe6 Rxb4+ 33. Kd5 fxe6+ 34. Kxe6 Rc4 
35. Rd5 R4xc5 36. Rxc5 Rxc5 37. Ra1 g6 38. Ra4 Rc6+ 39. Ke7 Ra6 40. f3 
Ra7+ 41. Ke6 Kf8 42. f4 Ra6+ 43. Ke5 Ke7 44. f5 gxf5 1/2-1/2

[Event "41. Olympiad Open 2014"]
[Site "Tromso NOR"]
[Date "2014.08.02"]
[Round "1.1"]
[White "Navara, David"]
[Black "Elarbi, Abobker"]
[Result "1-0"]
[WhiteElo "2716"]
[BlackElo "2283"]
[EventDate "2014.08.02"]
[Annotator "Vokac,Marek"]
[PlyCount "147"]
[WhiteTeam "CZE"]
[BlackTeam "LBY"]
[WhiteTeamCountry "CZE"]
[BlackTeamCountry "LBY"]

1. d4 d5 2. c4 e6 3. Nc3 Nf6 4. cxd5 exd5 5. Bg5 c6 6. e3 Bf5 7. Qf3 Bg6 
8. Bxf6 Qxf6 9. Qxf6 gxf6 10. Nf3 Nd7 11. Nh4 Bb4 12. Rc1 a6 13. a3 Bxc3+ 
14. Rxc3 Ke7 15. g3 Rab8 16. f3 Rhe8 17. Kd2 Kd6 18. Bd3 Nb6 19. b3 Rbd8 
20. g4 Nc8 21. Rcc1 Ke7 22. Ng2 Nd6 23. Nf4 Rg8 24. Rhg1 h6 25. Rg3 Bxd3 
26. Kxd3 Rg5 27. a4 Rgg8 28. Rcg1 Rh8 29. Rh3 f5 30. gxf5 Nxf5 31. Rg4 
Rhe8 32. Rh5 Kf6 33. Ng2 Rg8 34. Nh4 ( 34. h4!? ) 34. ... Rg5 35. Rgxg5 
hxg5 36. Nxf5 Kxf5 37. h4 Rg8 38. a5 ( {Po} 38. f4 f6 39. hxg5 fxg5 40. a5
Rg7 =, quiet {není pÄ›Å¡covka vyhraná.} ) 38. ... Rg7 39. hxg5 Kg6 40. Rh8
{Ani} ( 40. Rh2 Kxg5 41. Rg2+ Kf6 42. Rxg7 Kxg7 43. Kc3 Kf6 44. Kb4 Ke6 
45. Kc5 Kd7 46. Kb6 Kc8 47. e4 dxe4 48. fxe4 Kb8 =, quiet {myslím k 
výhÅ™e nestaÄ�í.} ) 40. ... Kxg5 41. Kc3 f5! 42. Re8 Kf6 43. Kb4 Re7 44. 
Rf8+ Kg5 45. Rb8 Kh4 46. Rf8 Kg5 47. Rg8+ Kf6 ( 47. ... Kh4 =, quiet ) 48.
 Rb8 Kg5 ( 48. ... Rxe3 49. Rxb7 Ke6 =, quiet ) 49. Kc5 Kh4 50. Kd6 {
Bílý dostal Å¡anci jeÅ¡tÄ› zkomplikovat boj.} 50. ... Rxe3 51. Rxb7 Rc3? {
DÅ¯leÅ¾itá ztráta tempa.} ( 51. ... Kg3 52. Kxc6 Kxf3 53. Kxd5 f4 54. b4 
Ke2 =, quiet {dává protihru zÅ™ejmÄ› postaÄ�ující k remíze.} ) 52. b4?! {
NicménÄ› je sporné, jestli zde mÅ¯Å¾e bílý vyhrát. Onlinový kibic 
Stockfish to tvrdí, ale jeho varianty nejsou pÅ™esvÄ›dÄ�ivé:} ( 52. Rc7 
Kg3 ( 52. ... Rxf3 53. Rxc6 Rxb3 54. Ke5 += ) 53. Rxc6 Rxb3 54. Kxd5 Kxf3 
55. Rxa6 ( 55. Kc4 Ra3 56. Rxa6 f4 57. d5 Ke4 58. Ra8! f3 ( 58. ... Ra4+ 
59. Kb3! +- ) 59. d6 f2 60. Re8+ Kf5 61. Kb4 Ra2! 62. d7 f1=Q 63. Rf8+ Ke6
64. d8=N+ Kd7 65. Rxf1 Kxd8 =, quiet ) 55. ... Ra3 56. Ra8 f4 57. a6 Ke2 
58. a7 Kd3 59. Ke5 f3 60. Rf8 Rxa7 61. Rxf3+ Kc4 =, quiet ) 52. ... Kg3 
53. Rb6 Rc4 54. Rxa6 Rxb4 55. Ke5 Kxf3 56. Rxc6 f4 57. Kxd5 ( 57. Rf6 Ra4 
58. Rxf4+ Ke3 59. Rf7 Rxa5 60. Rd7 Ra1 61. Kxd5 =, quiet {remíza podle 
tablebase tÅ™eba následujícím manévrem.} 61. ... Rd1 62. Ke5 Kd3 63. d5 
Kc4 =, quiet 64. Rc7+ Kb5 65. d6 Kb6! 66. Ke6 Rh1 =, quiet ) 57. ... Ra4 
58. Rc3+ ( 58. a6 Ra5+ ( 58. ... Ke3? 59. Rc3+ ) 59. Kc4 Kg4! =, quiet ) 
58. ... Kg4 59. Ke4 Rxa5 60. Rc8 Kg5? {Po jediném} ( 60. ... Ra4! =, quiet
{potvrzuje tablebase remízu.

komentar na NSS.CZ  
Navarova partie jen potvrzuje, Å¾e lepÅ¡í hráÄ� toho horÅ¡ího nakonec 
stejnÄ› nÄ›kde unaví, otráví a nakonec i oÅ¡idí.
60... Va4 by mÄ›l najít i hospodský hráÄ� v blicce a dál uÅ¾ byto opravdu 
hrát na výhru neÅ¡lo.

} ) 61. Rf8 Ra7 62. Rf5+ Kg6 63. Rxf4 +- Ra5 64. Rf1 Ra7 65. Ke5 Ra2 66. 
d5 Re2+ 67. Kd6 Rd2 68. Ke6 Re2+ 69. Kd7 Rd2 70. d6 Kg7 71. Ke7 Re2+ 72. 
Kd8 Rd2 73. d7 Rc2 74. Rf4 1-0

[Event "41. Olympiad Open 2014"]
[Site "Tromso NOR"]
[Date "2014.08.02"]
[Round "1.1"]
[White "Mudongo, Boikhutso"]
[Black "Olsarova, Karolina"]
[Result "0-1"]
[WhiteElo "1844"]
[BlackElo "2237"]
[EventDate "2014.08.02"]
[Annotator "Vokac,Marek"]
[PlyCount "42"]
[WhiteTeam "BOT"]
[BlackTeam "CZE"]
[WhiteTeamCountry "BOT"]
[BlackTeamCountry "CZE"]

1. e4 e5 2. Nf3 Nc6 3. Bb5 a6 4. Ba4 Nf6 5. O-O Nxe4 6. Re1 Nc5 7. Nxe5 
Nxe5 8. Rxe5+ Be7 9. Nc3 O-O 10. d4 Nxa4 11. Nxa4 d5 12. Qf3?! Bf6 13. Re2
( 13. Rxd5 Qe8! -+ {napadá a4 i e1.} ) 13. ... Bxd4 {PÄ›Å¡ec je pÄ›Å¡ec.} 
14. Bd2 Be6 15. Bb4 Re8 16. Rd1 Qh4! 17. Qb3 b6 18. Nc3 c5 19. Ba3 Bg4 20.
 Rxe8+ Rxe8 21. Rf1 Qxf2+! {Hezký závÄ›reÄ�ný úder.} 0-1

[Event "41. Olympiad Open 2014"]
[Site "Tromso NOR"]
[Date "2014.08.02"]
[Round "1.3"]
[White "Hracek, Zbynek"]
[Black "Gator, Mosab"]
[Result "1-0"]
[WhiteElo "2634"]
[BlackElo "2166"]
[EventDate "2014.08.02"]
[Annotator "Vokac,Marek"]
[PlyCount "91"]
[WhiteTeam "CZE"]
[BlackTeam "LBY"]
[WhiteTeamCountry "CZE"]
[BlackTeamCountry "LBY"]

1. d4 Nf6 2. c4 e6 3. Nc3 d5 4. cxd5 exd5 5. Bg5 Nbd7 6. e3 Be7 7. Bd3 c6 
8. Nf3 O-O 9. O-O Re8 10. Qc2 g6 11. Rae1 Nf8 12. Ne5 Nh5 13. Bxe7 Rxe7 
14. b4 Ng7 15. Qb3 Be6 16. Na4 Nd7 17. Nxd7 Bxd7 18. Nc5 Bf5 19. b5! += b6
20. Na6 Bxd3 21. Qxd3 cxb5 22. Qxb5 {Nyní je pÄ›Å¡ec d5 vÄ›Ä�nou slabinou 
a také sloupec c díky kontrole pole c7 bílý záhy ovládne.} 22. ... Qd7 23.
 a4 Ne8 24. Rc1 Rd8 25. Nb4 Nc7 {MoÅ¾ná by se Ä�ernému lépe bránila pozice
po} ( 25. ... Qxb5 26. axb5 Rb7 27. Rc2 Nc7 28. Nc6 Rd7 29. Rb1 Ne8 += {, 
ale bílý má v rezervÄ› nástup pÄ›Å¡cÅ¯ v centru.} ) 26. Qxd7 Rexd7 27. Nc6
Ra8 28. Ne5 Re7 29. Rc6 Ne8 30. Rfc1 f6 31. Nd3 Kf7 32. g4! {BÄ›Å¾ný 
technický prostÅ™edek. Bílý má jasnou a trvalou pÅ™evahu na dámském 
kÅ™ídle, nástupem na opaÄ�ném kÅ™ídle se snaÅ¾í vytvoÅ™it soupeÅ™i dalÅ¡í 
slabiny a obsadit prostor tak, aby soupeÅ™ nemÄ›l Å¾ádnou pÅ™íleÅ¾itost k 
aktivní protihÅ™e.} 32. ... h6 33. Nf4 Rd8 34. Kg2 g5 35. Ne2 Rd6 36. Rc8 
Rdd7 37. Nc3 Ke6 38. Nb5 +/- Kf7 ( 38. ... a6 39. R1c6+ Nd6 40. Nc7+ Kf7 
41. Rb8 Rxc7 42. Rxd6 +- ) 39. R1c6 a6 40. Nc3 Nd6 41. Rb8 Nc4 42. Nxd5 
Rxd5 43. Rxc4 Rd6 44. Kf3 Kg6 45. e4 h5 46. h3 1-0

[Event "41. Olympiad Open 2014"]
[Site "Tromso NOR"]
[Date "2014.08.02"]
[Round "1.4"]
[White "Asabri, Hussien"]
[Black "Babula, Vlastimil"]
[Result "0-1"]
[WhiteElo "2202"]
[BlackElo "2549"]
[EventDate "2014.08.02"]
[Annotator "Vokac,Marek"]
[PlyCount "80"]
[WhiteTeam "LBY"]
[BlackTeam "CZE"]
[WhiteTeamCountry "LBY"]
[BlackTeamCountry "CZE"]

1. d4 Nf6 2. Nf3 d5 3. c4 e6 4. Nbd2 Be7 5. e3 O-O 6. Bd3 c5 7. O-O cxd4 
8. exd4 b6 9. a3 Bb7 10. Re1 Nc6 11. b4 dxc4 12. Nxc4 b5 13. Ne3 a5 14. 
bxa5 Rxa5 15. Bb2 b4 16. a4 Ba6 17. Bxa6 Rxa6 18. Qe2 Ra8 ( 18. ... Qa8! 
19. Rac1 Rd8 20. Qc2 ) 19. Qb5 Na5 20. Rad1 Rb8 21. Qa6 Nd5 =+ {ÄŒerný má 
pÅ™íjemnou hru proti izolovanému pÄ›Å¡ci.} 22. Ne5 Bf6 23. N3g4 Bg5 24. 
Nf3 Be7 25. Nge5 b3! 26. Rc1 Nb4 27. Qe2 Qd5 28. Rc7 Bd6 29. Rd7 Rbd8 30. 
Rxd8 Rxd8 -/+ {Výhoda Ä�erného postupnÄ› narÅ¯stá. Bílý se v 
poÄ�ínající Ä�asové tísni rozhodl pro bezohledný útok.} 31. Ng5?! ( 31. 
Rb1 f6 32. Nd3 Rc8 33. Rc1 Rxc1+ 34. Nxc1 Bf4 35. Qb5 Qxb5 36. axb5 Nc4 
37. Ne2 -/+ ) 31. ... Bxe5 32. Qh5 Bf6 33. Qxf7+ Kh8 34. Rxe6 Bxg5 -+ {
ÄŒerný chladnokrevnÄ› bere, co soupeÅ™ nabízí. Dáma na d5 je kryta i 
jezdcem, nic nehrozí.} 35. Bc3 h6 36. h4 Bf6 37. Bxb4 b2! 38. Re8+ Rxe8 
39. Qxe8+ Kh7 40. Qe1 Qf5 0-1

[Event "41. Olympiad Tromso 2014 Open"]
[Site "TromsÃÂ¸"]
[Date "2014.08.02"]
[Round "1"]
[White "Jones, Gawain C B"]
[Black "Jones, Richard S"]
[Result "1-0"]
[WhiteElo "2665"]
[BlackElo "2414"]
[EventDate "2014.??.??"]
[Annotator "Marin,Mihail"]
[PlyCount "83"]
[EventCountry "NOR"]
[WhiteTeam "England"]
[BlackTeam "Wales"]
[WhiteTeamCountry "ENG"]
[BlackTeamCountry "WLS"]

{The last game features an almost perfect symmetry on various levels. Both
players have international titles, the family names are identical, the 
represent teams from the same island and, as if this would not be enough, 
they played an opening with symmetrical structure! Why did I say "almost" 
then? Well, it is the result that spoils things...} 
1. e4 e5 2. Nf3 Nf6 3. d4 Nxe4 4. Bd3 d5 5. Nxe5 Nd7 6. Nxd7 Bxd7 7. Nc3 
Nxc3 8. bxc3 Bd6 9. Qh5 Qe7+ {As a crowning of the symphony of symmetry, 
an aesthetically perfect sequence of bishop moves follows:} 10. Be3 Be6 
11. Bg5 Bg4+?! ( 11. ... Qd7 {would spoil the game, but allow Black hoping
to defend an inferios position, in which his king does not have an obvious
road to safety.} ) 12. Bxe7 Bxh5 13. Bxd6 cxd6 14. Rb1 O-O-O 15. Rb5 {Just
like that. The black bishop is not in time to defend the double pawn. The 
game is practically decided.} 15. ... f6 16. Rxd5 Bf7 17. Ra5 Kb8 18. Kd2 
Rc8 19. Rb1 Rhe8 20. Rab5 Re7 21. a4 h6 22. a5 Be8 23. R5b4 Bf7 24. f3 
Rcc7 25. c4 Bg8 26. R1b3 Bf7 27. Rc3 Kc8 28. Rb5 Kd8 29. h4 Kc8 30. g4 Kd8
31. g5 fxg5 32. hxg5 hxg5 33. Rxg5 Bg8 34. c5 dxc5 35. Rcxc5 b6 36. axb6 
axb6 37. Rb5 Rc6 38. Rbf5 Kc7 39. Rf8 Be6 40. Ra8 Bd7 41. Rg8 Rd6 42. c3 
1-0

[Event "41. Olympiad Tromso 2014 Open"]
[Site "TromsÃÂ¸"]
[Date "2014.08.02"]
[Round "1"]
[White "Haddouche, Mohamed"]
[Black "Balogh, Csaba"]
[Result "0-1"]
[WhiteElo "2508"]
[BlackElo "2637"]
[EventDate "2014.??.??"]
[Annotator "Marin,Mihail"]
[PlyCount "94"]
[EventCountry "NOR"]
[WhiteTeam "Algeria"]
[BlackTeam "Hungary"]
[WhiteTeamCountry "ALG"]
[BlackTeamCountry "HUN"]

{Ever since the swiss system has replaced the qualifying round-robin 
groups (Haifa 1976) the first round has been a warming up formality for 
the teams ranked in the first half of the list. There was only one 
exception, at Novi Sad 1990, when the first round pairing was done 
according to the accelerated system, making that, for instance, the Soviet
Union met the strong team of the Democratic Germany. But that was just an 
exception, and in the year of grace 2014 the first round scheduled matches
between teams with a difference of average rating of about 400 or even 500
points! At individual level, things may get less comfortable, though. Many
modest teams have International Masters and even grandmasters on the top 
board. So, if you are rated above 2600 you could hope for a 2100 opponent,
but... should also be prepared for a tough one! No time to walk around 
through the playing hall, greeting old friends you haven't seen for two 
years and spreading smiles all around, no sir! Just sit at the board and 
stay fully focused! And yet, there seems to be some even bigger pressure 
for the somewhat lower rated grandmaster, too. There is not much to be 
expected from the match anyway and one can only complain about the few 
missing positions up to the first half of the intiial ranking, yielding a 
really easy first round game! Be it as it may, in the games I have 
selected to illustrate this interesting first round issue the stronger 
player got a big advantage surprising easily.} 
1. e4 c5 2. Nf3 e6 3. d3 {A solid move, but not just so. The Indian attack
has served well the ever aggressive Bronstein and has occasionally been 
used by Fischer.} 3. ... Nc6 4. g3 Nge7 5. Bg2 g6 6. O-O Bg7 7. c3 O-O 8. 
Re1 e5!? {Consolidating the control on dark squares and preventing d2-d4. 
In my English trilogy I have advocated Botvinnik's triangle setup (c4, d3,
e4, Nge2) which seems to be so good that, as proven by this game, is 
working even with two tempi down! (one of them is spent on "reverting 
colours" and the other one by the "hesitant" advance of the e-pawn).} ( {
The classical continuation is} 8. ... d5 9. e5 {, causing Black some 
problems on dark squares.} ) 9. a3 d6 10. b4 b6 11. Nbd2 Be6 12. Bb2 h6 {
White's position looks more flexible, but he has one important problem. If
his fails finding ways for developing his initiative in the centre or on 
the queenside, . ..f7-f5 would offer Black chances for a kingside attack.}
13. d4?! {Effectuated after 19 moves, this plays into Black's hands.} ( {
The natural} 13. b5 {would cause Black some space problems, but after 
blocking the queenside White may have real worries about ...f7-f5.} ) ( {
The mysterious rook move} 13. Rb1 {typical for the long lines of the Ruy 
Lopez also deserves attention. The main idea is to prepare d3-d4, as in 
the game White will have to plai Ra1-b1 anyway.} ) 13. ... exd4 14. cxd4 
cxb4 15. axb4 Nxb4 16. Ba3 a5 17. Rb1 {White probably hoped to retrieve 
the pawn and get long term pressure against the weak b6-pawn.} 17. ... d5!
{A strike in the centre is some sort of panacea to wing actions, of 
course.} 18. Bxb4 ( {The point is that after stabilizing the centre with} 
18. e5 {White would not retrieve the pawn anymore due to} 18. ... Nec6 {. 
But retrospectively this might have offered better chances to stay in the 
game.} ) 18. ... axb4 19. Rxb4 dxe4 20. Nxe4 Nc6 21. Rb2 Nxd4 {Black won a
pawn and has two mighty bishops. Although the game lasted for quite a 
while, the final result was obvious all the way.} 22. Nxd4 Qxd4 23. Rd2 
Qb4 24. h3 Ra1 25. Qe2 Rxe1+ 26. Qxe1 b5 27. Kh2 Kh7 28. h4 Bf5 29. h5 Re8
30. Re2 Qxe1 31. Rxe1 Kh8 32. hxg6 Bxg6 33. Re3 b4 34. Nc5 Rc8 35. Nb3 Rc2
36. Kg1 Bc3 37. Bd5 Kg7 38. Rf3 Rb2 {White has managed to block the passed
pawn, but with the knight far from the kingside and the bishop tied up to 
its defence, the kingside is vulnerable. Balogh will gradually increase 
his pressure until creating deadly mating threats.} 39. Kh2 Rb1 40. Nc5 
Rd1 41. Be4 Bh5 42. Rf5 Bg4 43. Rd5 Re1 44. f3 Re2+ 45. Kh1 Bh3 46. g4 Bd2
47. Rd3 Bf4 {Even without the engine's "- zillions" it is obvious that the
white king is doomed.} 0-1

[Event "41. Olympiad Tromso 2014 Open"]
[Site "TromsÃÂ¸"]
[Date "2014.08.02"]
[Round "1"]
[White "De la Riva Aguado, Oscar"]
[Black "Giri, Anish"]
[Result "0-1"]
[WhiteElo "2523"]
[BlackElo "2745"]
[EventDate "2014.??.??"]
[Annotator "Marin,Mihail"]
[PlyCount "52"]
[EventCountry "NOR"]
[WhiteTeam "Andorra"]
[BlackTeam "Netherlands"]
[WhiteTeamCountry "AND"]
[BlackTeamCountry "NED"]

{Playing on the top board of a small team like Andorra can be profitable. 
The modest scoring of the colleagues would result into comfortable 
pairings, with chances for a good individual percentage. For many years, 
the team was headed by IM Raul Garcia, who once (in Novi Sad 1990) 
conquered an individual gold medal! Oscar De la Riva was less fortunate, 
as his best result was good for the fifth place on the top board, at 
Calvia 2004. Oscar's "handicap" with respect to Raul might be that the 
rest of the team became more competitive (for instance, the ever hard to 
beat Raul dropped on the third in the meanwhile), making the pairings a 
bit tougher. Be it as it may, the sad news when playing for a small team 
is that you may start the Olympiad with a game against a super-star, 
rather than a warming-up one.} 
1. e4 c5 2. Nf3 Nc6 3. Bb5 g6 4. O-O Bg7 5. Re1 Nf6 6. c3 O-O 7. h3 Qb6 8.
 Ba4 Rd8!? {A rare, but quite logical move. Since White does not seem in a
hurry to occupy the centre, Black prepares ...d7-d5, just to annoy the 
white queen.} 9. Bb3?! {A unfortunate novelty. White delays his 
development too much. This special care for the light-squared bishop would
be typical for an expert of the main Ruy Lopez lines. But for years Oscar 
used to be known rather as a specialist of the exchange variation, which 
would suggest leaving the bishop on a4 in order to be ready to chop the 
knight.} ( {And recently the Scotch Opening became his main weapon, so why
not take the space in the centre?} 9. d4 {True, Black does not have any 
special problems after} 9. ... cxd4 10. cxd4 d5 11. e5 Ne4 {but when 
playing the Rossolimo one does not really hope for an objective advantage,
but rather for just a playable position.} ) 9. ... d5 10. e5 ( 10. exd5 
Nxd5 {would make us remember an old Nimzovitsch' comment. Unpromoted pawn 
formations (c3, d2) tend to turn into weaknesses.} ) 10. ... Ne4 11. d3? {
A heavy mistake after more than three quarters of an hour.} ( {White would
still be alive after} 11. d4 Bf5 {but the bishop stands worse on b3 than 
it was on a4 and Black has also an extra tempo with respect with the 
similar line above.} ) 11. ... c4! {Suddenly, the opposition of the rook 
and queen along the d-file becomes a telling factor.} 12. Be3 Qc7 13. Bd4 
( {The point is that} 13. dxe4 dxe4 {gains a vital tempo.} 14. Nd4 cxb3 -+
{Followed by ...Nxe5.} ) 13. ... cxb3 14. axb3 {The knight is trapped, 
but, hey, it is the extra knight! Being better developed Black immediately
starts dismantling White's centre.} 14. ... f6! {By far not the only move,
but quite a convincing one. The rest is pure agony for White (or enjoyable
formality for Black).} 15. dxe4 dxe4 16. Nfd2 f5 17. f3 Nxd4 18. cxd4 Rxd4
19. fxe4 fxe4 20. Rxe4 Qb6 21. Kh1 Bf5 22. Rxd4 Qxd4 23. Nc3 Bxe5 24. Ra4 
Qd3 25. Qe1 Bg3 26. Qe2 Rd8 0-1

[Event "41. Olympiad Women 2014"]
[Site "Tromso NOR"]
[Date "2014.08.02"]
[Round "1.2"]
[White "Sikorova, Olga"]
[Black "Lopang, Tshepiso"]
[Result "1-0"]
[WhiteElo "2289"]
[BlackElo "1778"]
[EventDate "2014.08.02"]
[Annotator "Vokac,Marek"]
[PlyCount "61"]
[WhiteTeam "CZE"]
[BlackTeam "BOT"]
[WhiteTeamCountry "CZE"]
[BlackTeamCountry "BOT"]

1. e4 d6 2. d4 b6 3. c4 e6 4. Nc3 Be7 5. Bd3 Nf6 6. Nf3 O-O 7. e5 dxe5 8. 
dxe5 Nfd7 9. Be4 c6 10. Qc2 g6 11. Bh6 Re8 12. O-O-O Qc7 13. h4?! {Bílá 
zatouÅ¾ila dát rychle mat.} ( 13. Nb5! Qb7 14. Nd6 Bxd6 15. Rxd6 Nc5 16. 
Ng5 +- {se zdá být pohodlnou cestou k rozhodující výhodÄ›.} ) 13. ... Nc5 
( 13. ... Nxe5 14. Nxe5 ( 14. Nb5 cxb5 15. cxb5 Qxc2+ 16. Kxc2 Nec6! 
=, quiet ) 14. ... Qxe5 15. Kb1 += {je dobrá kompenzace za pÄ›Å¡ce, ale 
jeÅ¡tÄ› není nic rozhodnuto.} ) 14. h5 +/- Nxe4 15. Nxe4 Nd7 16. hxg6 fxg6
17. Neg5 Bxg5+ 18. Bxg5 ( 18. Nxg5! Nxe5 ( 18. ... Qxe5 19. Nxh7! +- ) 19.
 Qe4 +- {s dalÅ¡ím Vde1 a po ústupu Ä�erného jezdce zpÄ›t opÄ›t rozhodne 
Jxh7.} ) 18. ... Nxe5 19. Nxe5 Qxe5 20. f4 Qf5 21. Rd6 Qc5? {TÄ›Å¾ko 
pochopitelné. Po} ( 21. ... Qxc2+ 22. Kxc2 e5 =, quiet {by se Ä�erná 
zbavila vÅ¡ech problémÅ¯.} ) 22. Rhd1 Qe3+ 23. Qd2 Qe4?! {ÄŒerná neumí 
mÄ›nit dámy, jenÅ¾e jejich pÅ™ítomnost rychle Ä�erného krále zniÄ�í. Bez 
nich by bílá ze své kompenzace teÅ¾ko vytÄ›Å¾ila celý bod.} 24. b3 c5 25. 
Bf6 Qf5 26. Be5 Rf8?! 27. Qe2 Re8?! {DvÄ› tempa jsou milý dárek, kdyÅ¾ 
bílá uÅ¾ nemÄ›la velké Ä�asové rezervy.} 28. Qf3 Ba6 29. Rd7 b5 30. Rg7+ 
Kf8 31. g4 1-0

[Event "41. Olympiad Women 2014"]
[Site "Tromso NOR"]
[Date "2014.08.02"]
[Round "1.3"]
[White "Francis, Onkemetse"]
[Black "Olsarova, Tereza"]
[Result "0-1"]
[WhiteElo "1735"]
[BlackElo "2271"]
[EventDate "2014.08.02"]
[Annotator "Vokac,Marek"]
[PlyCount "60"]
[WhiteTeam "BOT"]
[BlackTeam "CZE"]
[WhiteTeamCountry "BOT"]
[BlackTeamCountry "CZE"]

1. e4 e5 2. Nf3 Nc6 3. Bc4 Bc5 4. c3 Nf6 5. d3 a6 6. O-O Ba7 7. Qe2 d6 8. 
Bb3 O-O 9. h3 h6 10. Be3 Qe7 11. Bxa7 Rxa7 12. Nh2 Na5 13. Bc2 c5 14. Nd2 
Nc6 =, quiet 15. f4 exf4 16. Rxf4 b5 17. Raf1 Nh7 18. Ng4 Qg5 19. R4f2?! {
Bílá rozehrála zahájení nejlépe ze svých krajanek, ale první náznak 
komplikací stÅ™ední hry neÅ™eÅ¡í moc dobÅ™e.} 19. ... Bxg4 20. hxg4 Ne5 =+
21. Bd1 Re7 22. Rf5 Qg6 23. d4 Nd7 24. Qf2 Ng5 25. Qf4 Rfe8 26. Bc2 {
VhodnÄ›jÅ¡í bylo} ( 26. Bb3 c4 27. Bc2 =, quiet {, ale bílá uÅ¾ dávno 
dospÄ›la do silné Ä�asové tísnÄ›.} ) 26. ... c4?! {Malý trik} ( 26. ... 
Ne6! 27. Qxd6 Nxd4! -+ {by bílou zatlaÄ�il do pasivity. Ale Ä�erná 
spoléhá na soupeÅ™Ä�inu Ä�asovou tíseÅˆ .} ) 27. e5? dxe5 28. dxe5 Qb6+ 
29. Kh2 Nxe5 30. Ne4 Ng6 {HodnÄ› snadná výhra.} 0-1